000 00562nam a2200205Ia 4500
005 20250508165649.0
008 008 250505s9999 xx 000 0 eng d
037 _aTextual
040 _aFEDL
_beng
_cFEDL
041 _aeng
_2eng
084 _a513, MCE
_qFEDL
100 _aMcEnhill Sally
_9781546
245 0 _aNumeracy skills in practice
260 _aLondon, UK
_bMcGraw- Hill Book Company
_c1983
300 _axv,140p.
365 _aGBP
_b19.95
700 _a Fell Gerry
_9781547
942 _cTEXL
_h513, MCE
999 _c1396600
_d1396600